Záverečný účet obce a príklady rozpočtového hospodárenia vyplývajúce z rozpočtového hospodárenia

Podľa zákona č. 583/2004 Z. z. o rozpočtových pravidlách územnej samosprávy a o zmene a doplnení niektorých zákonov v z.n.p. po skončení rozpočtového roka obec údaje o rozpočtovom hospodárení súhrnne spracuje do záverečného účtu obce.

Saved in:
Bibliographic Details
Main Author: Urbanová, Terézia
Format: Book Chapter
Language:Slovak
Subjects:
Tags: Add Tag
No Tags, Be the first to tag this record!

MARC

LEADER 00000naa a2200000 4500
001 0284521
005 20240426083959.8
041 0 |a slo 
044 |a SK 
245 1 0 |a Záverečný účet obce a príklady rozpočtového hospodárenia vyplývajúce z rozpočtového hospodárenia  |c Terézia Urbanová 
520 |a Podľa zákona č. 583/2004 Z. z. o rozpočtových pravidlách územnej samosprávy a o zmene a doplnení niektorých zákonov v z.n.p. po skončení rozpočtového roka obec údaje o rozpočtovom hospodárení súhrnne spracuje do záverečného účtu obce. 
610 2 0 |a účet záverečný štátny 
610 2 0 |a účet záverečný obce 
610 2 0 |a obce 
610 2 0 |a hospodárenie finančné 
610 2 0 |a rozpočet miestny 
610 2 0 |a zákony 
610 2 0 |a legislatíva 
610 2 0 |a právo 
610 2 0 |a účtovanie 
610 2 0 |a účtovníctvo 
100 1 |a Urbanová, Terézia